|
|
|
|
| LEADER |
02116nam a2200385 a 4500 |
| 001 |
14060016 |
| 003 |
BD-DhAAL |
| 005 |
20241231162214.0 |
| 008 |
091019s2005 enka b 001 0 eng d |
| 010 |
|
|
|a 2005280602
|
| 020 |
|
|
|a 9780195683158
|
| 020 |
|
|
|a 0195683153
|
| 020 |
|
|
|a 9780199279135
|
| 020 |
|
|
|a 9780199279142
|
| 040 |
|
|
|a UKM
|c UKM
|d EMU
|d DLC
|d BD-DhAAL
|
| 082 |
0 |
4 |
|a 330.09
|2 22
|
| 100 |
1 |
|
|a Screpanti, Ernesto,
|d 1948-
|9 57393
|
| 240 |
1 |
0 |
|a Profilo di storia del pensiero economico.
|l English
|
| 245 |
1 |
3 |
|a An outline of the history of economic thought /
|c Ernesto Screpanti and Stefano Zamagni ; translated by David Field and Lynn Kirby.
|
| 250 |
|
|
|a Second ed. rev. and expanded.
|
| 260 |
|
|
|a Oxford ;
|a New York ;
|a New Delhi :
|b Oxford University Press,
|c 2005.
|
| 300 |
|
|
|a xviii, 559 pages :
|b illustrations ;
|c 24 cm.
|
| 500 |
|
|
|a Previous ed.: Oxford: Clarendon, 1993.
|
| 504 |
|
|
|a Includes bibliographical references and indexes.
|
| 526 |
|
|
|x Fahmida Saadia Rahman
Senior Lecturer
ESS
Course name and no. N/A
|
| 541 |
1 |
|
|e 00019445
|
| 650 |
|
0 |
|a Economics
|x History.
|
| 700 |
1 |
|
|a Zamagni, Stefano.
|9 57394
|
| 852 |
4 |
|
|a Ayesha Abed Library
|j General shelf
|
| 942 |
|
|
|2 ddc
|c BK
|
| 999 |
|
|
|c 4698
|d 4698
|
| 952 |
|
|
|0 0
|1 0
|2 ddc
|4 0
|6 330_090000000000000_SCR_2005
|7 0
|9 4483
|a BRACUL
|b BRACUL
|c GEN
|d 2009-10-19
|e Paragon Enterprise Ltd.
|g 565.00
|l 3
|m 40
|o 330.09 SCR
|p 3010019445
|r 2020-01-06
|s 2019-05-22
|t 1
|w 2009-10-19
|y BK
|x Fahmida Saadia Rahman Senior Lecturer ESS Course name and no. N/A
|
| 952 |
|
|
|0 0
|1 0
|2 ddc
|4 1
|6 330_090000000000000_SCR_2005
|7 0
|9 6352
|a BRACUL
|b BRACUL
|c SPS
|d 2009-12-22
|e Paragon
|g 0.00
|l 0
|o 330.09 SCR
|p 3010009792
|r 2009-12-22
|t 2
|w 2009-12-22
|y BK
|x No price found in the accession register.
|
| 952 |
|
|
|0 0
|1 0
|2 ddc
|4 1
|6 330_090000000000000_SCR_2005
|7 0
|9 6353
|a BRACUL
|b BRACUL
|c SPS
|d 2009-12-22
|e Paragon
|g 0.00
|l 0
|o 330.09 SCR
|p 3010009793
|r 2009-12-22
|t 3
|w 2009-12-22
|y BK
|x No price found in the accession register.
|
| 952 |
|
|
|0 0
|1 0
|2 ddc
|4 0
|6 330_090000000000000_SCR_2005
|7 0
|9 7586
|a BRACUL
|b BRACUL
|c GEN
|d 2010-01-28
|e Paragon
|l 2
|o 330.09 SCR
|p 3010016810
|r 2016-12-08
|s 2016-12-04
|t 4
|w 2010-01-28
|y BK
|